Statistiques concernant Les préfectures des nouvelles régions françaises

Cliquez ici pour prendre le quiz!

Statistiques générales

  • Ce quiz a été pris 118 fois
  • Le résultat moyen est 15 sur 18

Statistiques - réponses

RégionPréfecture% Correct
Nouvelle-AquitaineBordeaux
100%
Île-de-FranceParis
99%
CorseAjaccio
97%
Provence-Alpes-Côte d'AzurMarseille
97%
OccitanieToulouse
97%
Hauts-de-FranceLille
96%
Pays de la LoireNantes
96%
Grand EstStrasbourg
96%
Auvergne-Rhône-AlpesLyon
94%
BretagneRennes
94%
Bourgogne-Franche-ComtéDijon
92%
NormandieRouen
82%
Centre-Val de LoireOrléans
80%
La RéunionSaint-Denis
72%
MartiniqueFort-de-France
70%
GuyaneCayenne
65%
MayotteMamoudzou
56%
GuadeloupeBasseterre
55%

Distribution des résultats

Percentile par nombre de réponses

% des personnes avec chaque résultat

Votre développement - résultats

Vous n’avez pas pris ce quiz